000 00339nam a2200133Ia 4500
008 151001s9999||||xx |||||||||||||| ||und||
100 _aकपिल सिब्बल
245 _aकिस किस जय हो
250 _a1
260 _bपेगुईन बुक्स
260 _c2011
300 _a148
365 _b21
999 _c999444
_d999441